header

The Coral Reef (Record no. 262598)

MARC details
000 -LEADER
fixed length control field 00241nam a22001097a 4500
020 ## - INTERNATIONAL STANDARD BOOK NUMBER
ISBN 9781572747296
100 ## - MAIN ENTRY--AUTHOR NAME
Personal name Janet
245 ## - TITLE STATEMENT
Title The Coral Reef
260 ## - PUBLICATION, DISTRIBUTION, ETC. (IMPRINT)
Place of publication New York
Name of publisher Richard C. Owen Publishers
Year of publication 2006
300 ## - PHYSICAL DESCRIPTION
Number of Pages 16 pgs
942 ## - ADDED ENTRY ELEMENTS (KOHA)
Koha item type Long Loan Books
Holdings
Withdrawn status Lost status Collection code Home library Current library Shelving location Date acquired Accession Number Koha item type
    Fiction Rongo University Library Rongo University Library Children's Area 22/01/2024 CL20233058 Long Loan Books

© 2026 Rongo University
Contact us: librarian | system librarian | Rongo university